| 000 | 01326nam a2200409 i 4500 | ||
|---|---|---|---|
| 001 | 1048 | ||
| 003 | KOSZ 005 | ||
| 005 | 20250724063751.0 | ||
| 008 | 990506s1983 pl a f |001 0 pol | ||
| 015 | _aPB 1983/2429 | ||
| 020 | _a8320404541 | ||
| 035 | _a(OCoLC)749211043 | ||
| 040 |
_aWA N _cWA N _dKOSZ 005/EC _dKOSZ 005/HR |
||
| 041 | 0 | _apol | |
| 046 | _k1983 | ||
| 080 | _a621.7 | ||
| 080 | _a621.89 | ||
| 100 | 1 |
_aGierzyńska-Dolna, Monika _eAutor |
|
| 245 | 1 | 0 |
_aTarcie, zużycie i smarowanie w obróbce plastycznej metali / _cMonika Gierzyńska. |
| 260 |
_aWarszawa : _bWydawnictwa Naukowo-Techniczne, _c1983. |
||
| 300 |
_a332, [2] s. : _bfot., rys., wykr. ; _c24 cm. |
||
| 336 |
_2rdacontent _aTekst _btxt |
||
| 337 |
_2rdamedia _aBez urządzenia pośredniczącego _bn |
||
| 338 |
_2rdacarrier _aWolumin _bnc |
||
| 380 | _aKsiążki | ||
| 388 | _a1901-2000 | ||
| 388 | _a1945-1989 | ||
| 504 | _aBibliogr. s. 325-329. - Indeks. | ||
| 650 | 4 | _aSmary | |
| 650 | 4 | _aMetale | |
| 650 | 4 | _aTarcie (fizyka) | |
| 650 | 4 | _aObróbka plastyczna | |
| 658 | _aInżynieria i technika | ||
| 710 | 2 |
_aWydawnictwa Naukowo-Techniczne _4pbl. |
|
| 856 |
_uhttp://koha.tu.koszalin.pl/cgi-bin/koha/opac-detail.pl?biblionumber=1048 _yKatalog online BPK |
||
| 942 |
_2UKD _cKS |
||
| 999 |
_c1048 _d1048 |
||